| 000 | 00714nam a2200229 a 4500 | ||
|---|---|---|---|
| 001 | |||
| 003 | DO-SdBNP | ||
| 005 | 20220926101543.0 | ||
| 008 | 150804s1995 dr 000 0 spa d | ||
| 040 |
_aDO-SdBNP _bspa _cBPMSU |
||
| 082 |
_aRD862.44 _bQ64e 1995 _222 |
||
| 100 | 1 |
_aQuidiello de Bosch, Carmen, _d1915- |
|
| 245 | 1 | 3 |
_aLa eterna Eva y el insoportable Adán : _bsketch subversivo / _cCarmen Quidiello de Bosch. |
| 260 |
_aSanto Domingo : _bAlfa y Omega, _c1995. |
||
| 300 |
_a103 p. : _bil., retrs. ; _c22 cm. |
||
| 590 | _aInventariado, 2022/VM | ||
| 650 | 4 | _aTeatro dominicano | |
| 650 | 4 | _aActores y actrices de teatro | |
| 650 | 4 | _aComedia dominicana. | |
| 910 | _aVMateo V./Validado | ||
| 942 |
_2ddc _cBK |
||
| 999 |
_c14280 _d14280 |
||